Die 5 flächenmäßig größten Länder jedes Kontinents - Statistiken

Allgemein
  • Dieses Quiz wurde 210 mal gespielt
  • Das Durchschnittsergebnis liegt bei 25 aus 30
Antwortstatistiken
Fläche km^2 Land % Korrekt
17.000.000 Russland
100%
9.597.000 China
99%
9.985.000 Kanada
99%
9.525.000 USA
99%
7.741.000 Australien
98%
552.000 Frankreich
98%
1.964.000 Mexiko
98%
2.780.000 Argentinien
97%
8.516.000 Brasilien
97%
357.000 Deutschland
95%
3.287.000 Indien
95%
505.000 Spanien
95%
269.000 Neuseeland
94%
604.000 Ukraine
90%
1.285.000 Peru
89%
1.139.000 Kolumbien
88%
2.382.000 Algerien
85%
450.000 Schweden
83%
1.099.000 Bolivien
82%
2.345.000 DR Kongo
82%
2.725.000 Kasachstan
82%
463.000 Papua-Neuguinea
76%
2.150.000 Saudi-Arabien
73%
1.861.000 Sudan
71%
1.760.000 Libyen
68%
130.000 Nicaragua
68%
112.000 Honduras
67%
18.000 Fidschi
64%
1.284.000 Tschad
62%
28.000 Salomonen
48%
Keine übereinstimmenden Quizze gefunden
Verteilung der Resultate
Anzahl Personen mit jedem Resultat
Perzentil nach korrekt beantworteten Fragen
Ihre Resultats-Entwicklung
Sie haben dieses Quiz noch nicht gespielt